000 00311nam a22001337a 4500
008 181023b xxu||||| |||| 00| 0 eng d
020 _a0137092954
041 _aeng
080 _a371
100 _a46
101 _aEDU
245 _aPrinciples of Language Learning and Teaching
_cBrown,H.D
942 _2udc
_cBK
999 _c50686
_d50686